000 00690nam a2200217 i 4500
001 44189
003 ES-MaACL
005 20250807211447.0
007 t|
008 030320s1969 sp ||||1| spa d
080 _a396:28
100 1 _aCita-Malard, Suzanne.
_938932
245 1 4 _aLas mujeres en la Iglesia a la luz del Vaticano II /
_cSuzanne Cita-Malard ; prefacio del R.P. Halstein, S.J.
260 _aBilbao :
_bMensajero,
_c[1969]
300 _a372 p. ;
_c20 cm.
650 7 _aMujeres en la Iglesia Católica
_2embne
_9155915
650 4 _aMujeres-
_xAspectos religiosos.
_9174231
700 1 _aHalstein, Henri.
_9174474
852 4 _aES-MaACL
_jC-51018
999 _c44189
_d44189